[Event "FISCA Online U14 op"]
[Site "Chess.com INT"]
[Date "2020.05.14"]
[Round "6"]
[White "Teerthala, Abhinav"]
[Black "Pal, Rohan"]
[Result "0-1"]
[WhiteElo "1387"]
[BlackElo "1712"]
[PlyCount "150"]
[EventDate "2020.05.09"]
[EventType "swiss"]
[EventRounds "9"]
[EventCountry "ROU"]
[SourceTitle "EXT 2021"]
[Source "ChessBase"]
[SourceDate "2020.10.23"]
[SourceVersion "1"]
[SourceVersionDate "2020.10.23"]
[SourceQuality "1"]

1. Nf3 d5 2. g3 c6 3. Bg2 Bf5 4. 0-0 e6 5. d3 Nf6 6. Nbd2 h6 7. Qe1 Be7 8. e4 Bh7 9. Qe2 0-0 10. a4 a5 11. Ne1 Qb6 12. Kh1 Na6 13. f4 Rfe8 14. Ndf3 dxe4 15. dxe4 Nxe4 16. Ne5 Nf6 17. N1d3 Nb4 18. Be3 Qc7 19. Nxb4 Bxb4 20. c3 Bd6 21. Nc4 Nd5 22. Nxd6 Qxd6 23. Bd4 c5 24. Bf2 Bf5 25. Rad1 Qc7 26. Rfe1 Nf6 27. h3 Bg6 28. Qb5 Rac8 29. Rd2 b6 30. Qe2 Red8 31. Red1 Rxd2 32. Rxd2 Rd8 33. Be1 Rxd2 34. Qxd2 Be4 35. b4 Bxg2+ 36. Qxg2 axb4 37. cxb4 c4 38. Bc3 Nd5 39. Qf3 Qc6 40. a5 b5 41. Qg2 Qd6 42. Bd4 Nxb4 43. Qa8+ Kh7 44. Qe4+ f5 45. Qe5 Qxe5 46. fxe5 Na6 47. Kg2 b4 48. Kf2 g5 49. Ke2 Kg6 50. Be3 Kf7 51. Bc1 Ke7 52. Ke3 Kd7 53. Kd4 c3 54. Kc4 Kc6 55. Be3 Nc7 56. h4 gxh4 57. gxh4 h5 58. Bc1 Nd5 59. Kb3 Kb5 60. a6 Kxa6 61. Bg5 f4 62. Bxf4 Nxf4 63. Kc2 Ng6 64. Kb3 Nxh4 65. Kc2 Nf5 66. Kb3 h4 67. Kc2 h3 68. Kb3 h2 69. Kc2 h1Q 70. Kb3 Qb1+ 71. Kc4 c2 72. Kd3 c1Q+ 73. Ke2 Qc3 74. Kf2 Qbb2+ 75. Kf1 Qcc1# 0-1

[Event "FISCA Online U14 op"]
[Site "Chess.com INT"]
[Date "2020.05.12"]
[Round "4"]
[White "Teerthala, Abhinav"]
[Black "Moroita, Vlad"]
[Result "1/2-1/2"]
[WhiteElo "1387"]
[BlackElo "1194"]
[PlyCount "103"]
[EventDate "2020.05.09"]
[EventType "swiss"]
[EventRounds "9"]
[EventCountry "ROU"]
[SourceTitle "EXT 2021"]
[Source "ChessBase"]
[SourceDate "2020.10.23"]
[SourceVersion "1"]
[SourceVersionDate "2020.10.23"]
[SourceQuality "1"]

1. Nf3 d5 2. g3 Nf6 3. Bg2 c5 4. 0-0 Nc6 5. d3 e5 6. Nbd2 Bg4 7. e4 dxe4 8. dxe4 Be7 9. c3 0-0 10. h3 Be6 11. Qc2 b5 12. a4 a6 13. Re1 Qd7 14. Ng5 h6 15. Nxe6 Qxe6 16. Nf1 Na5 17. Ne3 Nc4 18. Nd5 Nxd5 19. exd5 Qd6 20. b3 Nb6 21. Qf5 Bf6 22. Ra2 Rfd8 23. f4 e4 24. Qxe4 Bxc3 25. Rd1 Bd4+ 26. Rxd4 cxd4 27. Qxd4 bxa4 28. bxa4 Rab8 29. Ba3 Qf6 30. Qxf6 gxf6 31. Be7 Rd7 32. d6 Rc8 33. Be4 Rc1+ 34. Kf2 Rd1 35. Bc6 R7xd6 36. Bxd6 Rxd6 37. Be4 Rd4 38. Bc2 Rc4 39. a5 Nd7 40. Bd3 Rc6 41. Bf5 Nc5 42. Rc2 Rc7 43. Rc4 Kf8 44. Ke3 Ke7 45. Bc2 Kd6 46. Kd4 Ne6+ 47. Kc3 Nc5 48. g4 Kd5 49. Rd4+ Kc6 50. Ba4+ Nxa4+ 51. Rxa4 Kb5+ 52. Kb3 1/2-1/2

[Event "FISCA Online U14 op"]
[Site "Chess.com INT"]
[Date "2020.05.10"]
[Round "2"]
[White "Teerthala, Abhinav"]
[Black "Medhansh, Saxena"]
[Result "0-1"]
[WhiteElo "1387"]
[BlackElo "1657"]
[PlyCount "158"]
[EventDate "2020.05.09"]
[EventType "swiss"]
[EventRounds "9"]
[EventCountry "ROU"]
[SourceTitle "EXT 2021"]
[Source "ChessBase"]
[SourceDate "2020.10.23"]
[SourceVersion "1"]
[SourceVersionDate "2020.10.23"]
[SourceQuality "1"]

1. Nf3 d5 2. g3 Nf6 3. Bg2 c5 4. 0-0 Nc6 5. d3 e6 6. Nbd2 Be7 7. e4 0-0 8. a4 b6 9. Re1 dxe4 10. dxe4 e5 11. c3 Qc7 12. Qc2 Ba6 13. Nh4 Rfd8 14. Nf5 Bf8 15. h3 g6 16. Nh4 Rd7 17. Nf1 Bd3 18. Qb3 Na5 19. Qa2 Bc4 20. Qb1 Nb3 21. Ra3 Bd3 22. Qa2 c4 23. Rxb3 cxb3 24. Qxb3 Qc4 25. Qxc4 Bxc4 26. Ne3 Bb3 27. Nf3 Re8 28. Bf1 Bxa4 29. Nc4 Bd6 30. Bg5 Kg7 31. Nxd6 Rxd6 32. Ra1 Bc6 33. Rxa7 Nxe4 34. Be3 Rd1 35. Kg2 Nd2 36. Be2 Bxf3+ 37. Bxf3 Nxf3 38. Kxf3 Re6 39. Rb7 Rdd6 40. Ke4 Kf8 41. g4 Ke8 42. Rb8+ Rd8 43. Rb7 Rdd6 44. Rb8+ Ke7 45. Rh8 h5 46. gxh5 f5+ 47. Kf3 f4 48. Rh7+ Kf6 49. Bxf4 exf4 50. Kxf4 gxh5 51. Rxh5 Rd2 52. Rb5 Rxf2+ 53. Kg3 Rf5 54. Rb4 b5 55. Rd4 Re2 56. Rb4 Rfe5 57. h4 R2e4 58. Rxe4 Rxe4 59. Kf3 Rxh4 60. Ke3 b4 61. Kd3 bxc3 62. bxc3 Ke5 63. Kc2 Kd5 64. Kb3 Kc5 65. Kc2 Kc4 66. Kd2 Rh3 67. Ke2 Kxc3 68. Kf2 Kd4 69. Kg2 Re3 70. Kf2 Ke4 71. Kg2 Kf4 72. Kf2 Ke4 73. Kg2 Rf3 74. Kh2 Kf4 75. Kg2 Kg4 76. Kh2 Rg3 77. Kh1 Kf3 78. Kh2 Kf2 79. Kh1 Rh3# 0-1